Emigración y ética. Humanizar y deshumanizar.

Wedi'i Gadw mewn:
Manylion Llyfryddiaeth
Prif Awdur: Bello Reguera, Gabriel (autor)
Fformat: Anhysbys
Cyhoeddwyd: Madrid, España: Plaza y Valdés Editores, 2011.
Rhifyn:Primera edición
Cyfres:Dilemata. Ètica, Filosofía y Asuntos Públicos.
Pynciau:
Tagiau: Ychwanegu Tag
Dim Tagiau, Byddwch y cyntaf i dagio'r cofnod hwn!

MARC

LEADER 00000 a2200000 4500
003 CL-VaPUC
005 20221124173135.0
008 221024t2011 ||||| |||| 00| 0 eng d
999 |c 438797  |d 438795 
020 |a 978-84-92751-34-1 
040 |c Pontificia Universidad Católica de Valparaíso 
082 |2 22  |a 304.809 BEL 2011 
100 |a Bello Reguera, Gabriel  |9 876766  |e autor 
245 |a Emigración y ética.  |b Humanizar y deshumanizar. 
250 |a Primera edición 
260 |a Madrid, España:  |b Plaza y Valdés Editores,  |c 2011. 
300 |a 347 páginas. 
490 |a Dilemata.  |a Ètica, Filosofía y Asuntos Públicos. 
583 |k GC  |c 20221024 
650 0 |9 878442  |a Emigración internacional   |x Aspectos éticos  
650 0 |9 343094  |a Emigración  |x Derechos humanos   |x Racismo  
650 0 |9 878441  |a Migración ilegal   |x Globalización  
942 |2 ddc  |c BK 
952 |0 0  |1 0  |2 ddc  |4 0  |6 304_809000000000000_BEL_2011  |7 0  |8 A  |9 587397  |a BIBTEO  |b BIBTEO  |c GEN  |d 2022-10-18  |e 3  |g 21543.00  |i 5655297  |o 304.809 BEL 2011  |p 5655297  |r 2025-01-17  |t 1  |v 21543.00  |w 2022-10-18  |y BK  |k ICR